000 02043 a2200241 4500
003 NALT
005 20260119105249.0
008 240409b th ||||| |||| 00| 0 tha d
020 _a9786164041141
040 _aNALT
090 _aKS 37
_bด425ก 2566
100 0 _aดาราพร ถิระวัฒน์
_910291
245 1 0 _aกฎหมายหนี้ :
_bหลักทั่วไป /
_cดาราพร ถิระวัฒน์.
250 _aพิมพ์ครั้งที่ 4.
260 _aกรุงเทพฯ :
_bสำนักอบรมศึกษากฎหมายแห่งเนติบัณทิตยสภา,
_c2566.
300 _a370 หน้า ;
_c26 ซม.
505 2 _aบทที่ 1 บทนำ -- บทที่ 2 วัตถุแห่งหนี้ -- บทที่ 3 หลักความรับผิดชอบของลูกหนี้ -- บทที่ 4 หลักการชำระหนี้เป็นพ้นวิสัย -- บทที่ 5 หลักการคุ้มครองสิทธิเจ้าหนี้ -- บทที่ 6 การรับช่วงสิทธิ และการช่วงทรัพย์ -- บทที่ 7 การโอนสิทธิเรียกร้อง -- บทที่ 8 ความสัมพันธ์ของลูกหนี้เจ้าหนี้หลายคน -- บทที่ 9 ความระงับแห่งหนี้ -- บทที่ 10 นิติกรรมที่บุคคลภายนอกเข้าชำระหนี้ของลูกหนี้ -- บทที่ 11 บุริมสิทธิ.
650 4 _aกฎหมายแพ่งและพาณิชย์
_xหนี้
_910292
942 _cLB
_2local
996 _ai002
_bCATSTF
_c2024-04-09
996 _asaiphon.d
_bCATSTF
_c2024-04-18
999 _c104976
_d104976
998 _j111
_k นางสาวพจพิณ พรมเอี่ยม